Im Taumel

Titel: Im Taumel : 1918 - ein europäisches Schicksalsjahr / Kersten Knipp
Verfasser:
Veröffentlicht: Darmstadt : WBG, [2018]
Umfang: 422 Seiten : Illustrationen, Karten ; 22 cm
Format: Buch
Sprache: Deutsch
RVK-Notation:
Schlagworte:
Kein Bild verfügbar
X
alg: 42774676
001A    $06000:22-03-18 
001B    $06062:07-10-23 $t13:25:12.000 
001D    $05000:06-08-18 
001U    $0utf8 
001X    $00 
002@    $0Aax 
002C    $aText $btxt $2rdacontent 
002D    $aohne Hilfsmittel zu benutzen $bn $2rdamedia 
002E    $aBand $bnc $2rdacarrier 
003@    $0427746760 
003O    $01028528813 $aOCoLC 
006C    $01021371482 $aOCoLC 
006G    $01153635704 
006H    $0TOCNEUA1812 $2DNB 
006L    $0497098601 
006U    $018,A12 $f20180302 
007A    $01153635704 $aDNB 
007G    $0AT001C1B48E78C414E7EFC125826C0038B1A9 
009P    $qapplication/pdf $A2 $3Inhaltsverzeichnis $uhttp://scans.hebis.de/HEBCGI/show.pl?42774676_toc.pdf $mV:DE-603;B:DE-Mb50 
010@    $ager 
010E    $erda 
011@    $a2018 $n[2018] 
011F    $n© 2018 
017A    $asf 
021A    $aIm Taumel $d1918 - ein europäisches Schicksalsjahr $hKersten Knipp 
028A    $BVerfasser $#Knipp, K. $4aut $7120141027 $8Knipp, Kersten$Z1966- [Tp3] $9151794790 
033A    $pDarmstadt $nWBG 
034D    $a422 Seiten 
034I    $a22 cm 
034M    $aIllustrationen, Karten 
044K    $#Abendland $#Okzident $74015701-5 $8Europa [Tgz] $908503617X 
044K    $RWeltkrieg $#World War, 1914-1918 $#Guerre mondiale (1914-1918) $#Weltkrieg 1914-1918 $#1. Weltkrieg $#I. Weltkrieg $#Weltkrieg I $74079163-4 $8Erster Weltkrieg [Tsz] $9085224588 
044K    $RKrieg $#War Termination $#Guerre Fin $#Kriegsende $#Krieg Ende $74114316-4 $8Kriegsende [Ts1] $9085341592 
045E    $c940 
045F    $a940.51 $eDDC22ger 
045F/01 $a940.51 
045R    $aGeschichte 1918 
045Z    $8NQ 1020 [Tkv] $9410910104 
045Z    $8NP 4466 [Tkv] $9410908037 
045Z    $8NP 4420 [Tkv] $9410907936 
046X    $aArchivierung/Langzeitarchivierung gewährleistet $5DE-17 $fPEHE 

lok: 42774676 8

exp: 42774676 8 1 #EPN
201B/01 $025-06-18 $t15:33:11.000 
201C/01 $004-06-18 
201U/01 $0utf8 
203@/01 $0102298182X 
208@/01 $a04-06-18 $bz 
209A/01 $a2018/2022 $di $f000 $x00 
209B/01 $a06 $x05 
209G/01 $a19838064 $x00 
247C/01 $8611000-9 <17>Darmstadt, TU Darmstadt, Universitäts- und Landesbibliothek - Stadtmitte $9102595879 

lok: 42774676 24

exp: 42774676 24 1 #EPN
201B/01 $004-05-18 $t17:01:11.000 
201C/01 $002-05-18 
201U/01 $0utf8 
203@/01 $01021614696 
208@/01 $a04-05-18 $bz 
209A/01 $a18.03488 $du $f050 $h18 03488 $x00 
209C/01 $a18.03488 K $h18 03488 K 
209G/01 $a74066895 $x00 
220C/01 $ahae 
247C/01 $8358050-7 Marburg, Bibliothek des Herder-Instituts Marburg $9102600961
LEADER 00000cam a22000002c 4500
001 427746760
003 DE-603
005 20231007132512.0
007 tu
008 180322s2018 xx |||| | u00||u|ger
015 |a 18,A12  |2 dnb 
016 7 |2 DE-101  |a 1153635704 
035 |a (DE-599)DNB1153635704 
035 |a 497098601 
035 |a (OCoLC)1028528813 
040 |a DE-603  |b ger  |c DE-603  |d DE-603  |e rda 
041 |a ger 
082 0 4 |8 1\u  |a 940.51  |q DE-101  |2 22/ger 
084 |a 940  |q DE-101  |2 sdnb 
084 |a NQ 1020  |0 (DE-625)128039:  |0 (DE-603)410910104  |2 rvk 
084 |a NP 4466  |0 (DE-625)127832:  |0 (DE-603)410908037  |2 rvk 
084 |a NP 4420  |0 (DE-625)127822:  |0 (DE-603)410907936  |2 rvk 
085 |8 1\u  |b 940.51 
090 |a b 
100 1 |a Knipp, Kersten  |d 1966-  |e Verfasser  |4 aut  |0 (DE-603)151794790  |0 (DE-588)120141027  |2 gnd 
245 0 0 |a Im Taumel  |b 1918 - ein europäisches Schicksalsjahr  |c Kersten Knipp 
264 1 |a Darmstadt  |b WBG  |c [2018] 
264 4 |c © 2018 
300 |a 422 Seiten  |b Illustrationen, Karten  |c 22 cm 
336 |a Text  |b txt  |2 rdacontent 
337 |a ohne Hilfsmittel zu benutzen  |b n  |2 rdamedia 
338 |a Band  |b nc  |2 rdacarrier 
648 7 |a Geschichte 1918  |2 gnd 
650 7 |a Erster Weltkrieg  |0 (DE-588)4079163-4  |0 (DE-603)085224588  |2 gnd 
650 7 |a Kriegsende  |0 (DE-588)4114316-4  |0 (DE-603)085341592  |2 gnd 
651 7 |a Europa  |0 (DE-588)4015701-5  |0 (DE-603)08503617X  |2 gnd 
856 4 2 |m V:DE-603;B:DE-Mb50  |q application/pdf  |u http://scans.hebis.de/HEBCGI/show.pl?42774676_toc.pdf  |3 Inhaltsverzeichnis 
924 0 |9 17  |a (DE-603)102298182X  |b DE-17  |c HES  |d c  |g 2018/2022 
924 0 |9 Mb 50  |a (DE-603)1021614696  |b DE-Mb50  |c HES  |d c  |g 18.03488